Catequesis para niños de 3 a 6 años / (Record no. 34757)

MARC details
000 -LEADER
campo de control de longitud fija 00549nam a2200169 i 4500
001 - NÚMERO DE CONTROL
campo de control 34757
003 - IDENTIFICADOR DE NÚMERO DE CONTROL
campo de control ES-MaACL
005 - FECHA Y HORA DE LA ÚLTIMA TRANSACCIÓN
campo de control 20230906155007.0
007 - CAMPO FIJO DE DESCRIPCIÓN FÍSICA--INFORMACIÓN GENERAL
campo de control de longitud fija t|
008 - DATOS DE LONGITUD FIJA--INFORMACIÓN GENERAL
campo de control de longitud fija 030210s1965 sp ||||1| spa d
100 1# - ENTRADA PRINCIPAL--NOMBRE DE PERSONA
Nombre de persona Borobio, María Gloria.
9 (RLIN) 30531
245 10 - MENCIÓN DEL TÍTULO
Título Catequesis para niños de 3 a 6 años /
Mención de responsabilidad, etc. María Gloria Borobio.
260 ## - PUBLICACIÓN, DISTRIBUCIÓN, ETC.
Lugar de publicación, distribución, etc. Bérriz :
Nombre del editor, distribuidor, etc. Angeles de las Misiones ;
Lugar de publicación, distribución, etc. [Bilbao :
Nombre del editor, distribuidor, etc. Editorial Vizcaína,
Fecha de publicación, distribución, etc. 1965]
300 ## - DESCRIPCIÓN FÍSICA
Extensión 276 p. :
Otras características físicas il. ;
Dimensiones 20 cm.
500 ## - NOTA GENERAL
Nota general Borobio, María Gloria (M.M.B.)
852 ## - LOCALIZACIÓN
Ubicación ES-MaACL
Número de control de estantería C-27976
Sublocalización o colección R.57125
Holdings
Estatus retirado Estado de pérdida Estado de daño No para préstamo Biblioteca de origen Biblioteca actual Ubicación en estantería Fecha de adquisición Fuente de adquisición Total de préstamos Signatura topográfica completa Código de barras Visto por última vez Precio de reemplazo Tipo de ítem Koha
        Biblioteca del Ateneo de Madrid Biblioteca del Ateneo de Madrid Depósito 2 17/01/2008     C-27976 1036275 23/02/2023 23/02/2023 Libro impreso